000 01011nam a2200289Ia 4500
001 Para_606
003 CHAP
008 220125s2001 xx 000 0 und d
010 _a199366
040 _cCHAP
090 _aPA TESIS 1513
100 _aJavier López, Miguel Angel
_961246
245 _aFluctuación poblacional de Anastrepha spp (Schiner) (Diptera :
_bTephritidae), en tres especies de cítricos en el municipio de Papantla, Veracruz, México /
_c por Miguel Angel Javier López
260 _aChapingo, Méx. :
_b el autor
300 _a74 h.
502 _aTesis (Ing. Agr. Esp. en Parasitología Agrícola) -- UACh. Departamento Parasitología Agrícola
650 _aAnastrepha
_95486
650 _aCitricos
_x plagas
_924458
710 _aUACh. Departamento Parasitología Agrícola
_9164025
901 _aPA TESIS 1513
902 _aA
905 _a0000002001 ain 0000000000 00
910 _a2001
942 _cPARA
942 _cPARA
_d1
999 _c199366
_d199366